000 00326nam a22001337a 4500
003 SGT
020 _a978-93-5152-354-3
082 _a610.73678
_bT15G
100 _aGUPTA, MANISHA
245 _aA TB. OF THERAPEUTIC MODALITIES IN PSYCHIATRIC NURSING
260 _aINDIA
_bJAYPEE
_c2015
300 _a253
942 _2ddc
_cBK
_02
999 _c16565
_d16565